[Event "Junior Online 4NCL Division 4"]
[Site "online"]
[Date "2022.03.03"]
[EventDate "2022.03.03"]
[Round "4.21"]
[White "Johnson, Nithilan"]
[WhiteElo "1000"]
[WhiteTeam "Chess Challengers G"]
[Black "Nguyen, Khai-Tam"]
[BlackElo "1588"]
[BlackTeam "Hilsmark Juniors 1"]
[Result "1-0"]
[PlyCount "141"]

1. e4 d5 2. exd5 Qxd5 3. Nc3 Qd6 4. Nf3 e5 5. Bc4 Nc6 6. O-O Be6 7. b3 Bxc4 8. bxc4 Nf6 9. d3 Be7 10. Be3 O-O 11. Qd2 Ng4 12. h3 Nxe3 13. Qxe3 Bf6 14. Ne4 Qe6 15. Nxf6+ Qxf6 16. Qg5 Qe6 17. Rae1 h6 18. Qg4 Qxg4 19. hxg4 f6 20. c5 Nd4 21. Nxd4 exd4 22. Re4 Rad8 23. Kh2 Rd5 24. c4 Rxc5 25. Rxd4 Re8 26. a4 a6 27. Rb1 Rb8 28. Rb4 Rd5 29. Rxd5 a5 30. Rbb5 c6 31. Rdc5 cxb5 32. Rxb5 b6 33. Rd5 Kh7 34. c5 bxc5 35. Rxc5 Ra8 36. d4 Kg6 37. d5 Kf7 38. d6 Ke6 39. Rc6 Kd5 40. Rb6 Kc5 41. Rb7 Kxd6 42. Rxg7 Rh8 43. Ra7 Kc6 44. Ra6+ Kc5 45. Rxf6 Kb4 46. Rf4+ Kb3 47. Re4 h5 48. gxh5 Rxh5+ 49. Kg1 Rd5 50. f4 Rd1+ 51. Kf2 Rd2+ 52. Kg3 Rd6 53. f5 Rf6 54. Kf4 Ka3 55. g4 Kb3 56. g5 Rf7 57. g6 Rf6 58. Kg5 Rf8 59. g7 Rf7 60. f6 Rb7 61. g8=Q+ Kc3 62. Qc8+ Kb3 63. Qxb7+ Kc3 64. f7 Kd3 65. Qd5+ Kc3 66. Qxa5+ Kd3 67. Kf5 Kc2 68. f8=Q Kb3 69. Qfb4+ Kc2 70. Re2+ Kd3 71. Qe4# 1-0

[Event "Junior Online 4NCL Division 4"]
[Site "online"]
[Date "2022.03.03"]
[EventDate "2022.03.03"]
[Round "4.22"]
[White "Lowe, Catherine"]
[WhiteElo "1265"]
[WhiteTeam "Hilsmark Juniors 1"]
[Black "Nair, Ritvik"]
[BlackElo "1000"]
[BlackTeam "Chess Challengers G"]
[Result "1-0"]
[PlyCount "107"]

1. e4 c5 2. Nf3 g6 3. d4 d6 4. dxc5 e5 5. Nc3 Nf6 6. Bg5 h6 7. Bxf6 Qxf6 8. cxd6 Bxd6 9. Bc4 Nc6 10. O-O g5 11. Nb5 Bb4 12. Nc7+ Kf8 13. Nxa8 Bd6 14. Bb5 Na5 15. Qd2 b6 16. a3 g4 17. Ne1 h5 18. f3 gxf3 19. Nxf3 Bb7 20. Nxb6 axb6 21. b4 Bxe4 22. bxa5 Bc7 23. axb6 Bxb6+ 24. Kh1 Rg8 25. a4 h4 26. h3 Qg6 27. a5 Be3 28. Qe2 Bf4 29. Rg1 Qg3 30. Qxe4 Qg7 31. Qa8+ Ke7 32. Qb7+ Kf8 33. Rad1 Qg6 34. Rd8+ Kg7 35. Rxg8+ Kxg8 36. Nxh4 Qg3 37. Qc8+ Kg7 38. Nf5+ Kg6 39. Nxg3 Bxg3 40. Qg8+ Kf6 41. Qxg3 Kf5 42. Rf1+ Ke4 43. Qf3+ Kd4 44. Re1 e4 45. Qxe4+ Kc5 46. Qc4+ Kd6 47. Rd1+ Ke5 48. Qe2+ Kf5 49. Rd3 Kg6 50. Rf3 Kg7 51. Qe7 Kg6 52. Qxf7+ Kg5 53. Rg3+ Kh6 54. Qg6# 1-0

[Event "Junior Online 4NCL Division 4"]
[Site "online"]
[Date "2022.03.03"]
[EventDate "2022.03.03"]
[Round "4.23"]
[White "Chaturvedi, Arjun"]
[WhiteElo "1000"]
[WhiteTeam "Chess Challengers G"]
[Black "Tam, Brian"]
[BlackElo "1348"]
[BlackTeam "Hilsmark Juniors 1"]
[Result "0-1"]
[PlyCount "55"]

1. e4 e5 2. Nf3 Nc6 3. Nc3 Nf6 4. Bc4 Bc5 5. d3 O-O 6. d4 exd4 7. Nxd4 Bxd4 8. Nb5 Bb6 9. Bf4 d6 10. Nxd6 cxd6 11. Bxd6 Re8 12. O-O Rxe4 13. Bd3 Qxd6 14. Bxe4 Qxd1 15. Raxd1 Nxe4 16. Rfe1 Bf5 17. Re2 Nd4 18. Re3 Nxc2 19. Re2 Bg4 20. Rxe4 Bxd1 21. Kf1 h6 22. Re5 Kf8 23. Rd5 Rd8 24. Rxd8+ Bxd8 25. b3 Ke7 26. a4 Kd6 27. b4 Nxb4 28. a5 Bxa5 29. g4 b5 30. f4 Nc2 31. f5 b4 32. Kf2 b3 33. Kg3 b2 34. Kh4 b1=Q 35. g5 Qb4+ 36. Kg3 Qg4+ 37. Kf2 Bb6+ 38. Kf1 Qf3#  0-1

[Event "Junior Online 4NCL Division 4"]
[Site "online"]
[Date "2022.03.03"]
[EventDate "2022.03.03"]
[Round "4.24"]
[White "Knott, Harry"]
[WhiteElo "1258"]
[WhiteTeam "Hilsmark Juniors 1"]
[Black "Kailaje, Vedant"]
[BlackElo "940"]
[BlackTeam "Chess Challengers G"]
[Result "1-0"]
[PlyCount "47"]

1. e4 Nf6 2. Nc3 Nc6 3. Nf3 e5 4. Bc4 Bc5 5. b3 d6 6. Ng5 Bg4 7. f3 O-O 8. fxg4 Qd7 9. h3 Bd4 10. Bb2 Bxc3 11. Bxc3 Nd8 12. Qf3 Nc6 13. Bb5 Qe7 14. Qf5 g6 15. Qf2 Nxe4 16. Qh4 Nxg5 17. Bxc6 bxc6 18. O-O-O Rfe8 19. Rde1 Ne4 20. Qxe7 Rxe7 21. Rxe4 Ree8 22. d4 Rf8 23. dxe5 dxe5 24. Rxe5 1-0

[Event "Junior Online 4NCL Division 4"]
[Site "online"]
[Date "2022.03.03"]
[EventDate "2022.03.03"]
[Round "4.25"]
[White "Nguyen, Khai-Tam"]
[WhiteElo "1588"]
[WhiteTeam "Hilsmark Juniors 1"]
[Black "Johnson, Nithilan"]
[BlackElo "1000"]
[BlackTeam "Chess Challengers G"]
[Result "1-0"]
[PlyCount "109"]

1. e4 d5 2. e5 e6 3. d4 Ne7 4. c4 c6 5. Nc3 Nf5 6. cxd5 cxd5 7. Bd3 Nxd4 8. Bb5+ Nxb5 9. Nxb5 Bb4+ 10. Bd2 Bxd2+ 11. Qxd2 O-O 12. Nd6 Nc6 13. Nf3 Nxe5 14. Nxf7 Nxf7 15. O-O e5 16. Rfe1 e4 17. Nd4 Qf6 18. f3 exf3 19. Nxf3 Be6 20. b3 Rac8 21. Qe3 b6 22. Nd4 Ng5 23. h4 Ne4 24. g3 h6 25. Rf1 Qe7 26. Rfe1 Rf2 27. Qd3 Rd2 28. Qe3 Qf6 29. Nf3 Rc3 30. Qf4 Qxf4 31. gxf4 Rxf3 32. f5 Bxf5 33. a4 Rg3+ 34. Kh1 Nf2+ 35. Kh2 Ng4+ 36. Kxg3 Rd3+ 37. Kf4 Ne3 38. Rxe3 Rxe3 39. Kxe3 Bh3 40. b4 g5 41. hxg5 hxg5 42. a5 bxa5 43. Rxa5 g4 44. Rxd5 g3 45. Rg5+ Kf7 46. Rxg3 Kf6 47. Rxh3 Kf5 48. Kd3 Ke5 49. Kc4 Kd6 50. Kb5 Kc7 51. Ka6 Kb8 52. b5 Kc8 53. b6 Kb8 54. bxa7+ Ka8 55. Rh8# 1-0

[Event "Junior Online 4NCL Division 4"]
[Site "online"]
[Date "2022.03.03"]
[EventDate "2022.03.03"]
[Round "4.26"]
[White "Nair, Ritvik"]
[WhiteElo "1000"]
[WhiteTeam "Chess Challengers G"]
[Black "Lowe, Catherine"]
[BlackElo "1265"]
[BlackTeam "Hilsmark Juniors 1"]
[Result "0-1"]
[PlyCount "114"]

1. e4 c5 2. Nf3 d6 3. Bb5+ Nc6 4. O-O Nf6 5. Nc3 Bd7 6. Bxc6 Bxc6 7. d4 cxd4 8. Nxd4 Bxe4 9. Qe1 Bg6 10. Bf4 e5 11. Ndb5 Be7 12. Bg3 O-O 13. Qe3 Bxc2 14. Rac1 Bg6 15. Rce1 a6 16. Na3 Re8 17. Re2 Qd7 18. Qg5 Bd3 19. Re3 Bxf1 20. Kxf1 Nd5 21. Nxd5 Bxg5 22. Rf3 Qc6 23. Nc3 Bc1 24. Ne2 Bxb2 25. Nb1 e4 26. Rf4 Be5 27. Rg4 Bxg3 28. Rxg3 d5 29. f4 exf3 30. Rxf3 Re6 31. Kf2 Rf6 32. Rxf6 Qxf6+ 33. Ke1 Re8 34. Nc3 Qxc3+ 35. Kf2 Qd2 36. Kf3 Qxe2+ 37. Kf4 Re6 38. h4 Rf6+ 39. Kg3 Qe3+ 40. Kh2 Rh6 41. g3 Qf2+ 42. Kh3 g5 43. Kg4 f5+ 44. Kxg5 Rb6 45. h5 Qxg3+ 46. Kxf5 d4 47. h6 d3 48. a4 d2 49. a5 Rb5+ 50. Ke4 Rb4+ 51. Kd5 Qg5+ 52. Kd6 Rb5 53. Ke6 Qxh6+ 54. Ke7 d1=Q 55. Ke8 Qe2+ 56. Kd8 Qd6+ 57. Kc8 Qc4# 0-1

[Event "Junior Online 4NCL Division 4"]
[Site "online"]
[Date "2022.03.03"]
[EventDate "2022.03.03"]
[Round "4.27"]
[White "Tam, Brian"]
[WhiteElo "1348"]
[WhiteTeam "Hilsmark Juniors 1"]
[Black "Chaturvedi, Arjun"]
[BlackElo "1000"]
[BlackTeam "Chess Challengers G"]
[Result "1-0"]
[PlyCount "-1"]

1. d4 Nc6 2. Bf4 f6 3. Nf3 d6 4. e3 e5 5. dxe5 dxe5 6. Qxd8+ Kxd8 7. Bg3 Nb4 8. Na3 Bf5 9. O-O-O+ Bd6 10. Kb1 Be6 11. Bc4 Bxc4 12. Nxc4 Ke7 13. Nxd6 cxd6 14. a3 Nd5 15. Rxd5 Ke6 16. Rhd1 Ne7 17. Rxd6+ Kf5 18. Rd7 Nc6 19. Rxg7 Rhd8 20. Rxd8 Rxd8 21. Rxh7 Rd1+ 22. Ka2 Rd5 23. Rxb7 Rc5 24. h4 Na5 25. Rxa7 Nc6 26. Rc7 Nb4+ 27. axb4 Rxc7 28. Kb3 e4 29. Nd4+ Kg6 30. c4 Rf7 31. c5 Kh5 32. c6 Rf8 33. c7 Kg4 34. b5 f5 35. b6 f4 36. exf4 Kh5 37. b7 e3 38. fxe3 Kg4 39. c8=Q+ Rxc8 40. bxc8=Q+ Kxg3 41. Qg8+ Kxh4 42. Nf5+ Kh5 43. Qg5# 1-0

[Event "Junior Online 4NCL Division 4"]
[Site "online"]
[Date "2022.03.03"]
[EventDate "2022.03.03"]
[Round "4.31"]
[White "Tripathi, Advait"]
[WhiteElo "973"]
[WhiteTeam "Watford C"]
[Black "Arun, Saiarya"]
[BlackElo "935"]
[BlackTeam "Cambridge Chess & Go B"]
[Result "1-0"]
[PlyCount "83"]

1. e4 e5 2. d4 exd4 3. c3 dxc3 4. Bc4 cxb2 5. Bxb2 Nf6 6. e5 Ne4 7. Nf3 Bb4+ 8. Nbd2 d5 9. Bb3 O-O 10. O-O Bg4 11. Bc1 Nc6 12. Nxe4 dxe4 13. Qxd8 Raxd8 14. Ng5 Rd6 15. Nxe4 Rg6 16. Be3 Be2 17. Rfe1 Bxe1 18. Rxe1 Bd3 19. Nc5 Bf5 20. Nxb7 Bh3 21. g3 Rb8 22. Nc5 Rb5 23. a4 Rb8 24. Ba2 Re8 25. Bf4 Rb8 26. Ne4 Rb2 27. Bd5 Nd4 28. Ng5 Ne2+ 29. Kh1 Ra6 30. Nxh3 Rxa4 31. e6 fxe6 32. Bxe6+ Kh8 33. Bxc7 Re4 34. Nf4 g5 35. Nd3 Rd2 36. Be5+ Rxe5 37. Nxe5 a5 38. Nf7+ Kg7 39. Nxg5 Kf6 40. h4 Ke5 41. Nf3+ Kxe6 42. Nxd2 1-0

[Event "Junior Online 4NCL Division 4"]
[Site "online"]
[Date "2022.03.03"]
[EventDate "2022.03.03"]
[Round "4.32"]
[White "Vysohlid, Peter"]
[WhiteElo "886"]
[WhiteTeam "Cambridge Chess & Go B"]
[Black "Kannadasan, Reka"]
[BlackElo "950"]
[BlackTeam "Watford C"]
[Result "1-0"]
[PlyCount "35"]

1. e4 e5 2. Nf3 Nc6 3. Bb5 Nf6 4. O-O Nxe4 5. Bxc6 dxc6 6. Re1 Ng5 7. Rxe5+ Ne6 8. Ng5 Bd6 9. Nxf7 Kxf7 10. Qf3+ Kg8 11. Rf5 Qh4 12. Rh5 Bxh2+ 13. Kf1 Qc4+ 14. d3 Qc5 15. Rxc5 Nxc5 16. Qe3 Bf5 17. Qxc5 Re8 18. Qxf5 1-0

[Event "Junior Online 4NCL Division 4"]
[Site "online"]
[Date "2022.03.03"]
[EventDate "2022.03.03"]
[Round "4.33"]
[White "Koripalli, Pooja"]
[WhiteElo "881"]
[WhiteTeam "Watford C"]
[Black "Ryten, Charlie"]
[BlackElo "800"]
[BlackTeam "Cambridge Chess & Go B"]
[Result "1-0"]
[PlyCount "167"]

1. e3 e5 2. e4 Nf6 3. Nc3 Bc5 4. Nf3 Ng4 5. Bc4 Nxf2 6. Bxf7+ Kf8 7. Qe2 Nxh1 8. Qc4 Bf2+ 9. Kd1 Qe7 10. b3 Qxf7 11. Qxf7+ Kxf7 12. Nxe5+ Ke6 13. Ng4 Bd4 14. Bb2 Nf2+ 15. Nxf2 Bxf2 16. Nd5 Kd6 17. Ba3+ Kc6 18. Ne7+ Kb6 19. Nd5+ Kb5 20. Nxc7+ Kb6 21. Nxa8+ Kc6 22. Bb2 Re8 23. d3 Be3 24. Ke2 Bh6 25. a4 b6 26. b4 a6 27. Nxb6 Kxb6 28. a5+ Kb5 29. c4+ Kc6 30. Bd4 d6 31. Rb1 Kd7 32. b5 axb5 33. Rxb5 Ba6 34. Rd5 Bb7 35. Rb5 Bc6 36. Rb6 Kc7 37. h4 Bxe4 38. g4 Bf5+ 39. Kf3 Bxd3 40. g5 Be4+ 41. Kg3 Nd7 42. Rb2 Bxg5 43. hxg5 Ra8 44. Bxg7 Rxa5 45. Bd4 Rxg5+ 46. Kf4 Rh5 47. Kxe4 Rh4+ 48. Kd3 Rh3+ 49. Ke2 Nf6 50. Bxf6 Rh2+ 51. Kd3 Rxb2 52. Bxb2 h5 53. Bf6 Kc6 54. Kd4 Kd7 55. Be5 h4 56. Bf4 h3 57. Bg3 Ke6 58. Ke4 Kf6 59. Kd5 Kg5 60. Bxd6 Kf6 61. c5 Kf5 62. c6 Kf6 63. c7 Kf7 64. c8=Q Kg6 65. Qxh3 Kg5 66. Qg3+ Kf5 67. Qf4+ Kg6 68. Qg4+ Kf6 69. Qe6+ Kg5 70. Bf4+ Kxf4 71. Qe4+ Kg5 72. Qf3 Kg6 73. Qf4 Kg7 74. Qf5 Kg8 75. Ke6 Kg7 76. Qf6+ Kg8 77. Qf7+ Kh8 78. Qf6+ Kg8 79. Qg6+ Kh8 80. Qh6+ Kg8 81. Qg6+ Kh8 82. Qg1 Kh7 83. Kf6 Kh8 84. Qg7# 1-0

[Event "Junior Online 4NCL Division 4"]
[Site "online"]
[Date "2022.03.03"]
[EventDate "2022.03.03"]
[Round "4.34"]
[White "Jones-Roumeliotis, Odysseas"]
[WhiteElo "721"]
[WhiteTeam "Cambridge Chess & Go B"]
[Black "Kaye, Elliott"]
[BlackElo "860"]
[BlackTeam "Watford C"]
[Result "0-1"]
[PlyCount "46"]

1. e4 e5 2. Nf3 Nc6 3. Nc3 Bc5 4. Bc4 Nf6 5. O-O O-O 6. d4 Nxd4 7. Nxd4 Bxd4 8. Nd5 c6 9. Bg5 cxd5 10. Bxf6 Qxf6 11. g4 dxc4 12. c3 Bc5 13. b4 Be7 14. Qc1 Qh4 15. f4 Qxg4+ 16. Kf2 Bh4+ 17. Ke3 exf4+ 18. Kd4 Bf6+ 19. Kxc4 Qe6+ 20. Kb5 a6+ 21. Ka5 d6 22. Rxf4 Bd7 23. Rf5 Bd8# 0-1

[Event "Junior Online 4NCL Division 4"]
[Site "online"]
[Date "2022.03.03"]
[EventDate "2022.03.03"]
[Round "4.35"]
[White "Arun, Saiarya"]
[WhiteElo "935"]
[WhiteTeam "Cambridge Chess & Go B"]
[Black "Tripathi, Advait"]
[BlackElo "973"]
[BlackTeam "Watford C"]
[Result "0-1"]
[PlyCount "58"]

1. e4 c5 2. Nf3 e6 3. Nc3 a6 4. e5 Nc6 5. Bc4 b5 6. Bb3 c4 7. Bxc4 bxc4 8. O-O Bb7 9. d3 Nge7 10. dxc4 Ng6 11. Bg5 Be7 12. Bxe7 Ngxe7 13. Qd6 O-O 14. Qd3 Qc7 15. Rae1 Rad8 16. Nd2 d6 17. exd6 Rxd6 18. Qe4 Rxd2 19. Re3 Nb4 20. Rh3 Bxe4 21. Nxe4 Rxc2 22. Ng5 h6 23. Ne4 Rxc4 24. Nd2 Rc2 25. Nb3 Rxb2 26. Rd1 Nxa2 27. Rd4 Rb1+ 28. Nc1 Rxc1+ 29. Rd1 Rxd1# 0-1

[Event "Junior Online 4NCL Division 4"]
[Site "online"]
[Date "2022.03.03"]
[EventDate "2022.03.03"]
[Round "4.36"]
[White "Kannadasan, Reka"]
[WhiteElo "950"]
[WhiteTeam "Watford C"]
[Black "Vysohlid, Peter"]
[BlackElo "886"]
[BlackTeam "Cambridge Chess & Go B"]
[Result "0-1"]
[PlyCount "70"]

1. e4 c5 2. Nf3 Nc6 3. Bc4 e5 4. O-O d6 5. d3 Nd4 6. Bb5+ Nxb5 7. Nc3 Nxc3 8. bxc3 Bg4 9. d4 Qf6 10. Bg5 Qxg5 11. Nxg5 Bxd1 12. Raxd1 Be7 13. Nf3 Nh6 14. dxe5 dxe5 15. Nxe5 Rd8 16. Rde1 O-O 17. Nf3 f5 18. e5 Ng4 19. e6 Bf6 20. e7 Bxe7 21. Rxe7 Rde8 22. Rxb7 Rf7 23. Re1 Rxe1+ 24. Nxe1 Rxb7 25. f3 Rb1 26. Kf1 Nxh2+ 27. Kg1 Nxf3+ 28. Kf2 Nxe1 29. Kg3 h5 30. Kf4 Nxg2+ 31. Kxf5 h4 32. Ke5 h3 33. Kd5 h2 34. Kxc5 h1=Q 35. Kc6 Qh6+ 0-1

[Event "Junior Online 4NCL Division 4"]
[Site "online"]
[Date "2022.03.03"]
[EventDate "2022.03.03"]
[Round "4.37"]
[White "Ryten, Charlie"]
[WhiteElo "800"]
[WhiteTeam "Cambridge Chess & Go B"]
[Black "Koripalli, Pooja"]
[BlackElo "881"]
[BlackTeam "Watford C"]
[Result "1-0"]
[PlyCount "83"]

1. e4 e5 2. Nf3 Nc6 3. Bc4 Nf6 4. Ng5 Bc5 5. O-O O-O 6. Nc3 d6 7. d3 a6 8. a3 b5 9. Bb3 Nd4 10. Ba2 Bg4 11. f3 Be6 12. Nxe6 fxe6 13. b4 Nxc2+ 14. Kh1 Nxa1 15. bxc5 dxc5 16. Bxe6+ Kh8 17. Bb2 b4 18. Nd5 Nxd5 19. exd5 c6 20. dxc6 Qd6 21. Bc4 Rf4 22. Bxa1 Raf8 23. Qe2 Re8 24. g3 Rf6 25. Bxa6 Qxc6 26. Bc4 bxa3 27. Bxe5 a2 28. Bxa2 Qa6 29. Bc4 Qb7 30. h4 Qe7 31. Re1 Ref8 32. Bxf6 Qxf6 33. Qe8 Qxf3+ 34. Kh2 Qf2+ 35. Kh3 h6 36. Qe4 Qf6 37. Qe6 Qd8 38. Qe7 Qc8+ 39. g4 Rf3+ 40. Kg2 Qc6 41. Qe8+ Kh7 42. Qxc6 1-0

[Event "Junior Online 4NCL Division 4"]
[Site "online"]
[Date "2022.03.03"]
[EventDate "2022.03.03"]
[Round "4.38"]
[White "Kaye, Elliott"]
[WhiteElo "860"]
[WhiteTeam "Watford C"]
[Black "Jones-Roumeliotis, Odysseas"]
[BlackElo "721"]
[BlackTeam "Cambridge Chess & Go B"]
[Result "1-0"]
[PlyCount "39"]

1. d4 d5 2. Bf4 Nf6 3. Nf3 Nc6 4. Nc3 Bf5 5. e3 Nb4 6. Rc1 Nxa2 7. Nxa2 Qd7 8. Ne5 Qa4 9. Nc3 Qa5 10. Be2 b5 11. Bxb5+ c6 12. Bxc6+ Kd8 13. Bxa8 Ng4 14. Nc6+ Kc8 15. Nxa5 Bg6 16. Nxd5 Bh5 17. Qd2 e6 18. Qc3+ Kd7 19. Qc7+ Ke8 20. Bc6# 1-0

[Event "Junior Online 4NCL Division 4"]
[Site "online"]
[Date "2022.03.03"]
[EventDate "2022.03.03"]
[Round "4.42"]
[White "Gascoyne, Thomas"]
[WhiteElo "1086"]
[WhiteTeam "Ojays F"]
[Black "Tomsett, Jonah"]
[BlackElo "1240"]
[BlackTeam "Robin Hoods 2"]
[Result "0-1"]
[PlyCount "38"]

1. e4 e5 2. Nf3 Nc6 3. Bc4 Nf6 4. Ng5 d5 5. exd5 b5 6. Bxb5 Qxd5 7. c4 Qxg2 8. Rf1 h6 9. Qa4 Bd7 10. Nh3 Nd4 11. Bxd7+ Nxd7 12. c5 Qxh3 13. Qa6 Nf3+ 14. Ke2 Nd4+ 15. Ke1 Nc2+ 16. Kd1 Nxa1 17. Ke2 Bxc5 18. Qb7 Qg4+ 19. Ke1 Nc2# 0-1

[Event "Junior Online 4NCL Division 4"]
[Site "online"]
[Date "2022.03.03"]
[EventDate "2022.03.03"]
[Round "4.43"]
[White "Handa, Yash"]
[WhiteElo "1099"]
[WhiteTeam "Robin Hoods 2"]
[Black "Gabb, Percy"]
[BlackElo "1100"]
[BlackTeam "Ojays F"]
[Result "1-0"]
[PlyCount "25"]

1. e4 e5 2. Nf3 Nc6 3. Bc4 Bc5 4. d3 Nf6 5. Ng5 O-O 6. Qf3 Nd4 7. Qd1 d5 8. exd5 Nxd5 9. Nc3 Nxc3 10. bxc3 Ne6 11. Bxe6 Bxe6 12. Qh5 Qe7 13. Qxh7# 1-0

[Event "Junior Online 4NCL Division 4"]
[Site "online"]
[Date "2022.03.03"]
[EventDate "2022.03.03"]
[Round "4.44"]
[White "Li, Emmanuelle"]
[WhiteElo "986"]
[WhiteTeam "Ojays F"]
[Black "Gulijevs, Artemijs"]
[BlackElo "896"]
[BlackTeam "Robin Hoods 2"]
[Result "0-1"]
[PlyCount "114"]

1. e4 e5 2. Nf3 Nc6 3. Nc3 Nf6 4. Bb5 Bb4 5. O-O Bxc3 6. dxc3 Nxe4 7. Bxc6 bxc6 8. Qe2 d5 9. Re1 Bg4 10. h3 Bh5 11. Qe3 Qd6 12. Bd2 O-O 13. Qd3 Bg6 14. Rad1 Nxf2 15. Qe2 Nxd1 16. Qxd1 Rfe8 17. Qe2 f6 18. Qf2 Bxc2 19. Qg3 Bg6 20. Nh4 f5 21. Qg5 Qf6 22. Qxf6 gxf6 23. Nxg6 hxg6 24. Bh6 Rab8 25. b3 d4 26. cxd4 exd4 27. Rf1 d3 28. Rf3 d2 29. Bxd2 Re2 30. Bh6 Rxa2 31. Rg3 Kh7 32. Be3 Ra1+ 33. Kh2 Rxb3 34. Bd4 Rxg3 35. Kxg3 Ra3+ 36. Kf4 g5+ 37. Kxf5 a5 38. Bxf6 Ra2 39. Bxg5 Rxg2 40. Bd8 Rf2+ 41. Ke6 Re2+ 42. Kd7 a4 43. Kxc6 Rc2+ 44. Kb7 a3 45. Bf6 c5 46. Be5 a2 47. Kb6 c4 48. Kb5 Re2 49. Kxc4 Rxe5 50. Kb3 a1=Q 51. Kc4 Qa4+ 52. Kd3 Qe4+ 53. Kc3 Qe3+ 54. Kc4 Qf4+ 55. Kc3 Re3+ 56. Kb2 Qf2+ 57. Ka1 Re1# 0-1

[Event "Junior Online 4NCL Division 4"]
[Site "online"]
[Date "2022.03.03"]
[EventDate "2022.03.03"]
[Round "4.46"]
[White "Tomsett, Jonah"]
[WhiteElo "1240"]
[WhiteTeam "Robin Hoods 2"]
[Black "Gascoyne, Thomas"]
[BlackElo "1086"]
[BlackTeam "Ojays F"]
[Result "0-1"]
[PlyCount "64"]

1. e4 e5 2. Nf3 Nc6 3. Bc4 Nf6 4. Nc3 Na5 5. d3 Bb4 6. O-O O-O 7. a3 Bxc3 8. bxc3 Nc6 9. Bg5 h6 10. Bxf6 Qxf6 11. Rb1 Na5 12. Bd5 c6 13. Ba2 d5 14. exd5 e4 15. dxe4 Qxc3 16. dxc6 Qxa3 17. cxb7 Bxb7 18. Bd5 Rab8 19. Ra1 Qb4 20. Rb1 Qc5 21. Ne5 Qd6 22. Nf3 Rfd8 23. Bxf7+ Kxf7 24. Qxd6 Rxd6 25. e5 Rg6 26. Rfe1 Bxf3 27. g3 Rxb1 28. Rxb1 Rc6 29. Re1 Rxc2 30. e6+ Ke7 31. Re3 Rc1+ 32. Re1 Rxe1# 0-1

[Event "Junior Online 4NCL Division 4"]
[Site "online"]
[Date "2022.03.03"]
[EventDate "2022.03.03"]
[Round "4.47"]
[White "Gabb, Percy"]
[WhiteElo "1100"]
[WhiteTeam "Ojays F"]
[Black "Handa, Yash"]
[BlackElo "1099"]
[BlackTeam "Robin Hoods 2"]
[Result "0-1"]
[PlyCount "28"]

1. e4 e5 2. Nf3 Nc6 3. Bc4 Nf6 4. Nc3 Bc5 5. O-O O-O 6. d3 h6 7. Qe2 Bd4 8. Be3 Bxe3 9. Qxe3 Ng4 10. Qe2 Nd4 11. Nxd4 exd4 12. Nd5 Qh4 13. Rfe1 Qxh2+ 14. Kf1 Qh1# 0-1

[Event "Junior Online 4NCL Division 4"]
[Site "online"]
[Date "2022.03.03"]
[EventDate "2022.03.03"]
[Round "4.48"]
[White "Gulijevs, Artemijs"]
[WhiteElo "896"]
[WhiteTeam "Robin Hoods 2"]
[Black "Li, Emmanuelle"]
[BlackElo "986"]
[BlackTeam "Ojays F"]
[Result "1-0"]
[PlyCount "87"]

1. e4 e5 2. Nf3 Nc6 3. Bc4 Nf6 4. d3 Bc5 5. c3 d6 6. a4 Bg4 7. b4 Bb6 8. a5 Bxf2+ 9. Kxf2 O-O 10. Bg5 h6 11. Bh4 Qe7 12. Bd5 Qd8 13. b5 Ne7 14. Bxb7 Rb8 15. Ba6 Ng6 16. Bxf6 Qxf6 17. h3 Bxf3 18. Qxf3 Qh4+ 19. g3 Qg5 20. Qf5 Qe7 21. h4 h5 22. Nd2 Qd8 23. Kg2 Ne7 24. Qxh5 Qd7 25. c4 Qe6 26. Nf3 Qf6 27. Ng5 Qh6 28. Qxh6 gxh6 29. Nf3 Kh8 30. g4 Rg8 31. g5 Kh7 32. Rag1 Rg6 33. h5 Rg7 34. Kf2 Rbg8 35. gxh6 Rxg1 36. Nxg1 Kxh6 37. Nf3 Rg7 38. Bb7 Rg8 39. Bd5 Rg7 40. d4 Kh7 41. c5 dxc5 42. dxc5 Ng8 43. Nxe5 f6 44. Nf7 1-0

[Event "Junior Online 4NCL Division 4"]
[Site "online"]
[Date "2022.03.03"]
[EventDate "2022.03.03"]
[Round "4.51"]
[White "Kariyawasam, Alexander"]
[WhiteElo "1114"]
[WhiteTeam "Colchester Juniors C"]
[Black "Fearn, Elliot"]
[BlackElo "1100"]
[BlackTeam "Wanstead Warriors D"]
[Result "1-0"]
[PlyCount "103"]

1. e4 e6 2. d4 d5 3. f3 c5 4. c3 Nc6 5. Be3 Qb6 6. b3 cxd4 7. cxd4 Bb4+ 8. Nd2 Bxd2+ 9. Qxd2 Nf6 10. e5 Nh5 11. Ne2 O-O 12. g3 Nb4 13. Bg2 Qc6 14. O-O Nc2 15. Rfc1 Qb5 16. Rxc2 b6 17. Nc3 Qb4 18. Ne2 Qxd2 19. Bxd2 Ba6 20. Nf4 Nxf4 21. Bxf4 Bd3 22. Rc3 Be2 23. Re1 Rac8 24. Rxc8 Rxc8 25. Rxe2 Rc1+ 26. Bxc1 h6 27. f4 Kh8 28. Rc2 Kh7 29. Bf1 Kg6 30. Bd3+ Kh5 31. Be2+ Kg6 32. Rc7 Kf5 33. Bd3+ Kg4 34. Be2+ Kf5 35. Rxf7+ Ke4 36. Bb2 Ke3 37. Kf1 Kd2 38. Rxa7 Kc2 39. Ba3 Kc3 40. Rc7+ Kxd4 41. Rxg7 Kc3 42. Rb7 Kc2 43. Rxb6 Kb1 44. Rxe6 Kxa2 45. Bd6 Kxb3 46. Rxh6 d4 47. Bd1+ Kc3 48. e6 d3 49. e7 Kb2 50. e8=Q Kc1 51. Qa4 d2 52. Qc2# 1-0

[Event "Junior Online 4NCL Division 4"]
[Site "online"]
[Date "2022.03.03"]
[EventDate "2022.03.03"]
[Round "4.52"]
[White "Dasari, Karthik"]
[WhiteElo "1070"]
[WhiteTeam "Wanstead Warriors D"]
[Black "Ross, Drummer"]
[BlackElo "1000"]
[BlackTeam "Colchester Juniors C"]
[Result "1-0"]
[PlyCount "65"]

1. e4 e5 2. Nf3 Nc6 3. Bb5 Bc5 4. Bxc6 bxc6 5. Nxe5 Qe7 6. d4 Bd6 7. Bf4 c5 8. dxc5 Bxe5 9. Bxe5 Qxe5 10. Qd5 Qxd5 11. exd5 Ne7 12. Nc3 O-O 13. O-O Rb8 14. Rfe1 Re8 15. d6 Bb7 16. Rxe7 cxd6 17. Rae1 Red8 18. cxd6 h6 19. b3 Ba6 20. a4 Rbc8 21. Nb5 Bxb5 22. axb5 Rxc2 23. h3 Rb2 24. Re8+ Rxe8 25. Rxe8+ Kh7 26. Re7 Kg6 27. Rxd7 Rxb3 28. Rxa7 Rxb5 29. d7 Rb1+ 30. Kh2 Rd1 31. Ra6+ f6 32. Ra7 Kf7 33. d8=Q+ 1-0

[Event "Junior Online 4NCL Division 4"]
[Site "online"]
[Date "2022.03.03"]
[EventDate "2022.03.03"]
[Round "4.53"]
[White "He, Kingsley"]
[WhiteElo "945"]
[WhiteTeam "Colchester Juniors C"]
[Black "Shivhare, Shaurya"]
[BlackElo "1075"]
[BlackTeam "Wanstead Warriors D"]
[Result "1-0"]
[PlyCount "59"]

1. e4 e5 2. Nf3 Nc6 3. Bc4 Nf6 4. Ng5 Bc5 5. Nxf7 Bxf2+ 6. Kxf2 Nxe4+ 7. Kg1 Qf6 8. Qf1 Qxf1+ 9. Kxf1 Rf8 10. d3 Nd4 11. Nc3 Nxc2 12. Rb1 b5 13. Bb3 Nxc3 14. bxc3 a5 15. Bxc2 Rxf7+ 16. Ke1 d6 17. Rf1 Rxf1+ 18. Kxf1 Kd7 19. d4 exd4 20. cxd4 Bb7 21. Bxh7 Rf8+ 22. Kg1 b4 23. Bb2 Ba6 24. a3 bxa3 25. Bxa3 a4 26. Rd1 c6 27. Bd3 Bb7 28. Rf1 Rg8 29. Rf7+ Ke6 30. Rxb7 1-0

[Event "Junior Online 4NCL Division 4"]
[Site "online"]
[Date "2022.03.03"]
[EventDate "2022.03.03"]
[Round "4.54"]
[White "Vege, Sanjith"]
[WhiteElo "793"]
[WhiteTeam "Wanstead Warriors D"]
[Black "Wilde, Grace"]
[BlackElo "746"]
[BlackTeam "Colchester Juniors C"]
[Result "0-1"]
[PlyCount "48"]

1. e4 e5 2. Nf3 Nc6 3. Nc3 d6 4. d4 Bg4 5. dxe5 Nxe5 6. h3 Nxf3+ 7. gxf3 Be6 8. e5 dxe5 9. Qxd8+ Kxd8 10. Bg5+ f6 11. Rd1+ Ke7 12. Nd5+ Bxd5 13. Rxd5 fxg5 14. Rxe5+ Kf6 15. Rc5 Bxc5 16. Bc4 Nh6 17. O-O Rad8 18. c3 Rd2 19. b4 Bb6 20. a4 a5 21. b5 c6 22. bxc6 bxc6 23. Rb1 Bxf2+ 24. Kf1 Bc5 0-1

[Event "Junior Online 4NCL Division 4"]
[Site "online"]
[Date "2022.03.03"]
[EventDate "2022.03.03"]
[Round "4.56"]
[White "Ross, Drummer"]
[WhiteElo "1000"]
[WhiteTeam "Colchester Juniors C"]
[Black "Dasari, Karthik"]
[BlackElo "1070"]
[BlackTeam "Wanstead Warriors D"]
[Result "0-1"]
[PlyCount "44"]

1. e4 e5 2. Nf3 Nc6 3. Nc3 Nf6 4. Bd3 Bb4 5. a3 Ba5 6. b4 Bb6 7. Bb2 a5 8. b5 Nd4 9. Nxe5 d6 10. Nc4 Ng4 11. O-O Qh4 12. h3 Ne5 13. Nxb6 cxb6 14. Nd5 Bg4 15. Qe1 Qh5 16. Nc7+ Kd7 17. Nxa8 Bxh3 18. Bxd4 Bxg2 19. Kxg2 Qf3+ 20. Kg1 Qg4+ 21. Kh1 Qh3+ 22. Kg1 Nf3# 0-1